| 000 | 00000nam##2200000za#4500 |
| 001 | 9.678426 |
| 003 | CaOODSP |
| 005 | 20200328190147 |
| 007 | ta |
| 008 | 150407|1992||||xxc||||| f|0| 0 fre|d |
| 020 | |a0-662-97807-2 |
| 040 | |aCaOODSP|bfre |
| 043 | |an-cn--- |
| 086 | 1 |aH68-32/1992F |
| 110 | 1 |aCanada.|bSanté et Bien-être social Canada. |bConseil national du bien-être social. |
| 245 | 13|aLe budget de 1992 et les prestations pour enfants : |brapport du Conseil national du bien-être social |
| 260 | |aOttawa - Ontario : |bSanté et Bien-être social Canada. |c1992. |
| 300 | |a30p. : |bgraphiques, tableaux ; |c28 cm. |
| 563 | |aCouverture souple |
| 775 | 08|tThe 1992 budget and child benefits : |w(CaOODSP)9.644596 |
| 776 | 0#|tLe budget de 1992 et les prestations pour enfants |w(CaOODSP)9.640663 |